[Event "Mechanics' Peter Grey TNM; 30/90, SD/30"]
[Site "San Francisco"]
[Date "2010.09.21"]
[Round "8.17"]
[White "Olson, David"]
[Black "Litowsky, Daniel"]
[Result "1-0"]
[WhiteElo "1420"]
[BlackElo "1700"]
[PlyCount "49"]
[EventDate "2010.??.??"]

1. e4 e5 2. Nf3 Nc6 3. Bb5 d6 4. d4 exd4 5. Nxd4 Bd7 6. Be2 Nf6 7. Nc3 Be7 8.
O-O O-O 9. f4 h6 10. Be3 a6 11. Qd2 b5 12. a3 Ng4 13. Bxg4 Nxd4 14. Bxd7 Nxc2
15. Bxb5 Nxa1 16. Bc4 Bf6 17. Rxa1 Qd7 18. Nd5 Bd8 19. Rf1 a5 20. Rf3 Re8 21.
Qd4 c6 22. Rg3 g6 23. Nb6 Bxb6 24. Qxb6 Qe7 25. Rxg6+ 1-0

[Event "Mechanics' Peter Grey TNM; 30/90, SD/30"]
[Site "San Francisco"]
[Date "2010.08.24"]
[Round "4.4"]
[White "Perepelitsky, Edward"]
[Black "Delaney, Will"]
[Result "1-0"]
[WhiteElo "2109"]
[BlackElo "1838"]
[PlyCount "59"]
[EventDate "2010.??.??"]

1. d4 Nf6 2. c4 g6 3. Nc3 Bg7 4. e4 d6 5. Nf3 O-O 6. Be2 Nc6 7. d5 Nb8 8. O-O
Nbd7 9. Nd4 Nc5 10. f3 a5 11. Be3 Bd7 12. b3 e5 13. Ndb5 Ne8 14. a3 b6 15. b4
Nb7 16. Na4 f5 17. c5 bxc5 18. bxc5 Bxb5 19. Bxb5 dxc5 20. Bc6 Rb8 21. Bxb7
Rxb7 22. Nxc5 Rb6 23. Ne6 Rxe6 24. dxe6 Nd6 25. Qd5 Qe7 26. Rac1 Re8 27. Rfd1
fxe4 28. fxe4 Qxe6 29. Qxe6+ Rxe6 30. Rxc7 1-0

[Event "Mechanics' Peter Grey TNM; 30/90, SD/30"]
[Site "San Francisco"]
[Date "2010.09.21"]
[Round "8.2"]
[White "Perepelitsky, Edward"]
[Black "Fuentes, Romulo"]
[Result "1/2-1/2"]
[WhiteElo "2109"]
[BlackElo "2237"]
[PlyCount "78"]
[EventDate "2010.??.??"]

1. d4 Nf6 2. c4 e6 3. Nc3 c5 4. d5 exd5 5. cxd5 Bd6 6. Nf3 O-O 7. g3 Bc7 8. Bg2
d6 9. O-O a6 10. a4 Re8 11. Nd2 Nbd7 12. Nc4 Rb8 13. a5 Nf8 14. e4 N6d7 15. Bf4
Qf6 16. e5 Rxe5 17. Nxe5 Nxe5 18. Bxe5 Qxe5 19. Re1 Qf6 20. Re8 Bd7 21. Rxb8
Bxb8 22. Qb3 Bc8 23. Ne4 Qd8 24. Qc3 f5 25. Nd2 Bc7 26. Nc4 Bd7 27. Qb3 Bb5 28.
Na3 Bxa5 29. Nxb5 axb5 30. Qxb5 b6 31. Ra3 Qf6 32. Qe2 h6 33. Re3 c4 34. Re8 c3
35. bxc3 Bxc3 36. Qe6+ Qf7 37. Rb8 Be5 38. Kf1 g6 39. f4 Bd4 {
remainder illegible} 1/2-1/2

[Event "Mechanics' Peter Grey TNM; 30/90, SD/30"]
[Site "San Francisco"]
[Date "2010.09.07"]
[Round "6.4"]
[White "Perepelitsky, Edward"]
[Black "Krasnov, Steven"]
[Result "1-0"]
[WhiteElo "2109"]
[BlackElo "1967"]
[PlyCount "87"]
[EventDate "2010.??.??"]

1. d4 Nf6 2. c4 e6 3. Nc3 d5 4. Nf3 dxc4 5. e3 a6 6. a4 c5 7. Bxc4 cxd4 8. exd4
Nc6 9. O-O Be7 10. Be3 O-O 11. Ne5 Qc7 12. Nxc6 Qxc6 13. Be2 Rd8 14. Bf3 Qc4
15. Rc1 Qb4 16. Qe2 Rb8 17. d5 exd5 18. Na2 Qd6 19. Bc5 Qxc5 20. Rxc5 Bxc5 21.
Qd3 Be6 22. Nc3 Rd7 23. h3 h6 24. Ne2 Bd6 25. g4 Be5 26. b3 Rc8 27. Bg2 Rdc7
28. f4 Bd6 29. Rd1 Bc5+ 30. Kf1 Rd8 31. Nd4 Bb4 32. Qg3 Rc3 33. Qh4 Rdc8 34.
Nxe6 fxe6 35. g5 hxg5 36. fxg5 Ne4 37. Bxe4 Rf8+ 38. Kg2 dxe4 39. Qxe4 (39. g6
{wins immediately}) 39... Bc5 40. Rf1 Rd8 41. Qxe6+ Kh8 42. g6 Rc2+ 43. Kh1 Rc3
44. Qf5 1-0

[Event "Mechanics' Peter Grey TNM; 30/90, SD/30"]
[Site "San Francisco"]
[Date "2010.08.10"]
[Round "2.8"]
[White "Perepelitsky, Edward"]
[Black "Wheeler, Cameron"]
[Result "1-0"]
[WhiteElo "2109"]
[BlackElo "1890"]
[PlyCount "77"]
[EventDate "2010.??.??"]

1. d4 d5 2. c4 c6 3. Nf3 e6 4. Nc3 dxc4 5. e3 b5 6. a4 Bb4 7. Bd2 Qb6 8. Ne4
Be7 9. b3 cxb3 10. Qxb3 bxa4 11. Qxa4 Nf6 12. Nxf6+ Bxf6 13. Bd3 Bd7 14. Ba5
Qb7 15. Rb1 Qc8 16. O-O O-O 17. Qc2 h6 18. e4 Bd8 19. Bb4 Re8 20. Qe2 a5 21.
Bd2 Be7 22. e5 Bf8 23. Qe4 g6 24. h4 Re7 25. h5 Be8 26. Nh4 Qd7 27. hxg6 fxg6
28. Nxg6 Bxg6 29. Qxg6+ Rg7 30. Qe4 h5 31. Be2 Qd5 32. Qxd5 cxd5 33. Rfc1 a4
34. Rc8 a3 35. Rbxb8 Rxb8 36. Rxb8 Rc7 37. Bh6 a2 38. Rxf8+ Kh7 39. Ra8 1-0

[Event "Mechanics' Peter Grey TNM; 30/90, SD/30"]
[Site "San Francisco"]
[Date "2010.09.14"]
[Round "7.7"]
[White "Perepelitsky, Philipp"]
[Black "Chamberlain, Ethan"]
[Result "1-0"]
[WhiteElo "2099"]
[BlackElo "1703"]
[PlyCount "65"]
[EventDate "2010.??.??"]

1. d4 Nf6 2. c4 g6 3. Nc3 d5 4. cxd5 Nxd5 5. e4 Nxc3 6. bxc3 Bg7 7. Bc4 c5 8.
Ne2 Nc6 9. Be3 O-O 10. O-O Na5 11. Bd3 b6 12. Qd2 Qc7 13. Rac1 Be6 14. d5 Bc8
15. c4 Nb7 16. Bh6 e5 17. Bxg7 Kxg7 18. Ng3 Qe7 19. f4 Nd6 20. Rf2 Ba6 21. f5
f6 22. Nf1 Qd7 23. Ne3 Rh8 24. h4 Raf8 25. Rcf1 Qa4 26. Ng4 h5 27. Ne3 Bxc4 28.
Nxc4 Nxe4 29. Bxe4 Qxc4 30. Qe3 Qd4 31. Qf3 c4 32. Rd1 Qc5 33. fxg6 1-0

[Event "Mechanics' Peter Grey TNM; 30/90, SD/30"]
[Site "San Francisco"]
[Date "2010.09.28"]
[Round "9.4"]
[White "Perepelitsky, Philipp"]
[Black "Gaffagan, Steven"]
[Result "1-0"]
[WhiteElo "2099"]
[BlackElo "2040"]
[PlyCount "77"]
[EventDate "2010.??.??"]

1. d4 Nf6 2. c4 g6 3. Nc3 Bg7 4. e4 d6 5. Nf3 O-O 6. Be2 e5 7. O-O Nc6 8. d5
Ne7 9. Ne1 Nd7 10. Be3 f5 11. f3 f4 12. Bf2 g5 13. a4 Ng6 14. a5 Kh8 15. Nb5 a6
16. Na7 Rxa7 17. Bxa7 Rg8 18. c5 Bf8 19. c6 bxc6 20. dxc6 Nf6 21. Qb3 g4 22.
Kh1 g3 23. Bc4 d5 24. Bxd5 Nxd5 25. Qxd5 Qh4 26. Bg1 Bd6 27. b4 Bxb4 28. Rb1
Bd6 29. Rb8 gxh2 30. Bf2 Qf6 31. Qc4 Nh4 32. Rxc8 Rxc8 33. Qxa6 Rg8 34. Bxh4
Qxh4 35. Qc4 h5 36. a6 Qg3 37. a7 h4 38. Qe6 h3 39. Qh6# 1-0

[Event "Mechanics' Peter Grey TNM; 30/90, SD/30"]
[Site "San Francisco"]
[Date "2010.08.17"]
[Round "3.1"]
[White "Perepelitsky, Philipp"]
[Black "Lee, Andy"]
[Result "0-1"]
[WhiteElo "2099"]
[BlackElo "2324"]
[PlyCount "74"]
[EventDate "2010.??.??"]

1. d4 Nf6 2. c4 g6 3. Nc3 Bg7 4. e4 d6 5. Nf3 O-O 6. Be2 e5 7. O-O Nc6 8. d5
Ne7 9. Ne1 Nd7 10. Be3 f5 11. f3 f4 12. Bf2 g5 13. a4 Ng6 14. a5 Rf7 15. Nb5
Nf6 16. Nxa7 g4 17. Nxc8 g3 18. hxg3 fxg3 19. Bxg3 Rxc8 20. c5 Nh5 21. Bh2 Bh6
22. Qb3 Ngf4 23. Bc4 Qh4 24. c6 b5 25. axb6 cxb6 26. Qxb6 Rg7 27. g4 Nh3+ 28.
Kg2 N3f4+ 29. Kg1 Nh3+ 30. Kg2 Bf4 31. Rh1 Rxg4+ 32. fxg4 Qxg4+ 33. Kf1 Be3 34.
Qxe3 Rf8+ 35. Nf3 Rxf3+ 36. Ke2 Qg2+ 37. Kd3 N5f4+ 0-1

[Event "Mechanics' Peter Grey TNM; 30/90, SD/30"]
[Site "San Francisco"]
[Date "2010.08.31"]
[Round "5.4"]
[White "Perepelitsky, Philipp"]
[Black "Lopez, Jorge"]
[Result "0-1"]
[WhiteElo "2099"]
[BlackElo "2190"]
[PlyCount "92"]
[EventDate "2010.??.??"]

1. d4 Nf6 2. c4 e6 3. Nc3 Bb4 4. e3 Bxc3+ 5. bxc3 b6 6. Bd3 Bb7 7. f3 Qe7 8.
Ne2 e5 9. e4 d6 10. O-O Nc6 11. d5 Na5 12. Ng3 Nd7 13. Nf5 Qf8 14. Be3 O-O-O
15. Rb1 h5 16. Rb5 g6 17. Ng3 h4 18. Ne2 Nc5 19. Nc1 Ba6 20. Rxa5 bxa5 21. Nb3
Nxd3 22. Qxd3 Qe8 23. Bg5 Qa4 24. Qe3 Bxc4 25. Bxd8 Rxd8 26. Rc1 Bxb3 27. axb3
Qxb3 28. Qxa7 Qb6+ 29. Qxb6 cxb6 30. Kf2 Kb7 31. Ke3 b5 32. f4 f6 33. fxe5 fxe5
34. Rf1 a4 35. Rf7+ Kb6 36. Kd3 a3 37. Kc2 Ra8 38. Kb1 a2+ 39. Ka1 Ra4 40. Rd7
Rxe4 41. Rxd6+ Kc5 42. Rxg6 Re2 43. Rg4 e4 44. Rxh4 Kc4 45. Rh3 e3 46. Rh4+
Kxc3 0-1

[Event "Mechanics' Peter Grey TNM; 30/90, SD/30"]
[Site "San Francisco"]
[Date "2010.08.03"]
[Round "1.10"]
[White "Perepelitsky, Philipp"]
[Black "Mar, Henry"]
[Result "1-0"]
[WhiteElo "2099"]
[BlackElo "1562"]
[PlyCount "59"]
[EventDate "2010.??.??"]

1. d4 g6 2. Nf3 Bg7 3. c4 Nf6 4. Nc3 O-O 5. e4 d6 6. Be2 Nc6 7. O-O e5 8. d5
Ne7 9. Ne1 Ne8 10. Be3 b6 11. a4 f5 12. f3 f4 13. Bf2 Nf6 14. a5 Bb7 15. axb6
cxb6 16. b4 Nd7 17. Nd3 a6 18. Qb3 Kh8 19. c5 dxc5 20. bxc5 Bc8 21. c6 Nc5 22.
Nxc5 bxc5 23. Bxc5 Rf7 24. d6 Rf6 25. dxe7 Qe8 26. Rfd1 Be6 27. Qb4 Rb8 28.
Qxb8 Bf7 29. Qxe8+ Bxe8 30. Rd8 1-0

[Event "Mechanics' Peter Grey TNM; 30/90, SD/30"]
[Site "San Francisco"]
[Date "2010.09.28"]
[Round "9.24"]
[White "Poon, Brunston"]
[Black "Capdeville, Barry"]
[Result "1-0"]
[WhiteElo "1018"]
[BlackElo "1334"]
[PlyCount "31"]
[EventDate "2010.??.??"]

1. e4 e5 2. Bc4 Nf6 3. Nf3 d5 4. exd5 Bd6 5. O-O O-O 6. Nc3 a6 7. a4 Bg4 8. Re1
Re8 9. d3 Nbd7 10. Bg5 Nxd5 11. Bxd8 Raxd8 12. Nxd5 c6 13. Ne3 e4 14. Nxg4 exf3
15. Rxe8+ Rxe8 16. Qxf3 1-0

[Event "Mechanics' Peter Grey TNM; 30/90, SD/30"]
[Site "San Francisco"]
[Date "2010.09.14"]
[Round "7.27"]
[White "Poon, Brunston"]
[Black "Cowgill, Jackie"]
[Result "1-0"]
[WhiteElo "1018"]
[BlackElo "902"]
[PlyCount "59"]
[EventDate "2010.??.??"]

1. e4 e5 2. Bc4 Qh4 3. Qe2 Nc6 4. Nf3 Qe7 5. Nc3 Nf6 6. d3 d6 7. Bg5 Bg4 8. h3
Bxf3 9. Qxf3 O-O-O 10. Qf5+ Kb8 11. Bxf6 gxf6 12. O-O-O Bh6+ 13. Kb1 Rdg8 14.
Nd5 Qf8 15. Nxf6 Nd4 16. Nd7+ Ka8 17. Nxf8 Nxf5 18. exf5 Rxf8 19. c3 f6 20. d4
e4 21. Rhe1 Re8 22. Be6 e3 23. fxe3 Rd8 24. Kc2 Bg5 25. g3 h5 26. c4 a5 27. e4
c6 28. c5 b5 29. cxb6 Rb8 30. e5 {remainder illegible} 1-0

[Event "Mechanics' Peter Grey TNM; 30/90, SD/30"]
[Site "San Francisco"]
[Date "2010.08.03"]
[Round "1.21"]
[White "Poon, Brunston"]
[Black "Ochoa, Jason"]
[Result "0-1"]
[WhiteElo "1018"]
[BlackElo "1900"]
[PlyCount "62"]
[EventDate "2010.??.??"]

1. e4 Nc6 2. Nf3 e5 3. Bc4 Nf6 4. Ng5 d5 5. exd5 Na5 6. Bb5+ c6 7. dxc6 bxc6 8.
Qf3 Bd7 9. Ba4 Bc5 10. O-O O-O 11. c3 Bg4 12. Qg3 Be2 13. Re1 Bd3 14. b4 Rb8
15. Na3 Bxb4 16. cxb4 Rxb4 17. Bc2 e4 18. Bxd3 exd3 19. Rb1 Rg4 20. Qb8 Qxb8
21. Rxb8 Rxb8 22. Nf3 Re4 23. Re3 Nc4 24. Rxe4 Nxe4 25. Nxc4 Rb1 26. g3 Rxc1+
27. Kg2 Rxc4 28. h4 Ra4 29. g4 Rxa2 30. h5 Nxd2 31. Nxd2 Rxd2 0-1

[Event "Mechanics' Peter Grey TNM; 30/90, SD/30"]
[Site "San Francisco"]
[Date "2010.08.31"]
[Round "5.25"]
[White "Rakonitz, David"]
[Black "MacIntyre, Brendan"]
[Result "0-1"]
[WhiteElo "1377"]
[BlackElo "1676"]
[PlyCount "50"]
[EventDate "2010.??.??"]

1. d4 d5 2. c4 Nf6 3. Nc3 e6 4. Nf3 c5 5. cxd5 exd5 6. Bg5 cxd4 7. Nxd4 Be7 8.
g3 O-O 9. Bg2 Be6 10. O-O Nc6 11. e3 h6 12. Nxc6 bxc6 13. Bf4 Qd7 14. Rc1 Bh3
15. f3 Bxg2 16. Kxg2 Rfe8 17. Be5 Bd8 18. Na4 Rxe5 19. Nc5 Qe7 20. Re1 Rxe3 21.
Rxe3 Qxe3 22. Rc3 Qe7 23. b4 Bb6 24. Qc2 d4 25. Rc4 Nd5 0-1

[Event "Mechanics' Peter Grey TNM; 30/90, SD/30"]
[Site "San Francisco"]
[Date "2010.08.03"]
[Round "1.17"]
[White "Rakonitz, David"]
[Black "Manvelyan, Hovik"]
[Result "1/2-1/2"]
[WhiteElo "1377"]
[BlackElo "2009"]
[PlyCount "99"]
[EventDate "2010.??.??"]

1. d4 Nf6 2. Nf3 e6 3. c4 b6 4. Nc3 Bb4 5. Qc2 Bb7 6. Bg5 O-O 7. e3 h6 8. Bh4
d5 9. cxd5 Bxd5 10. Nd2 Bb7 11. O-O-O Nbd7 12. Nde4 Rc8 13. f3 Be7 14. Nxf6+
Bxf6 15. Bxf6 Nxf6 16. e4 Qe7 17. Bc4 Rfd8 18. Qb3 Nd7 19. Kb1 Qg5 20. Qc2 Nf6
21. Rd2 c5 22. Rhd1 cxd4 23. Rxd4 Rxd4 24. Rxd4 Qe3 25. Qd1 Kh7 26. Rd3 Qc5 27.
b3 Bc6 28. a4 Rc7 29. Nb5 Bxb5 30. Bxb5 Qh5 31. Qh1 Qc5 32. Qe1 Qe5 33. g3 Ng8
34. Qd2 Ne7 35. Qe3 g5 36. Qd2 Kg7 37. Rd7 Ng6 38. Rxc7 Qxc7 39. Kb2 Qc5 40.
Qc3+ Qe5 41. Qxe5+ Nxe5 42. Be2 Kf6 43. Kc3 Ke7 44. Kd4 Kd6 45. f4 Nc6+ 46. Kc4
f6 47. h4 a6 48. Bf3 e5 49. f5 Nd4 50. Bd1 1/2-1/2

[Event "Mechanics' Peter Grey TNM; 30/90, SD/30"]
[Site "San Francisco"]
[Date "2010.08.03"]
[Round "1.16"]
[White "Rumph, Todd"]
[Black "James, Charles"]
[Result "1-0"]
[WhiteElo "2013"]
[BlackElo "1383"]
[PlyCount "31"]
[EventDate "2010.??.??"]

1. c4 e5 2. g3 Nf6 3. Bg2 d5 4. cxd5 Nxd5 5. Nc3 Be6 6. Nf3 Nc6 7. O-O Nxc3 8.
bxc3 Qd7 9. Rb1 Rb8 10. Qa4 Bd6 11. Ng5 Nd8 12. Qxa7 c6 13. Ne4 O-O 14. Nxd6
Qxd6 15. Ba3 c5 16. Bxc5 1-0

[Event "Mechanics' Peter Grey TNM; 30/90, SD/30"]
[Site "San Francisco"]
[Date "2010.08.17"]
[Round "3.14"]
[White "Rumph, Todd"]
[Black "Salvo, Tab"]
[Result "1-0"]
[WhiteElo "2013"]
[BlackElo "1738"]
[PlyCount "97"]
[EventDate "2010.??.??"]

1. c4 d6 2. g3 e5 3. Nc3 f5 4. Nf3 Nf6 5. d4 e4 6. Nh4 c6 7. Bh3 g6 8. Bg5 Be7
9. f3 d5 10. Ng2 O-O 11. Qb3 Kh8 12. fxe4 dxe4 13. e3 Na6 14. Nf4 Nc7 15. O-O-O
Qe8 16. Bxf6+ Rxf6 17. Bf1 a5 18. c5 Na6 19. h4 Bd8 20. Bc4 Nb4 21. d5 Qe5 22.
a3 Na6 23. Bxa6 bxa6 24. dxc6 Bc7 25. h5 Kg7 26. Rd5 Qe8 27. Qc4 g5 28. h6+ Kf8
29. Qd4 Rf7 30. Nh5 Qxc6 31. Rd1 Be6 32. Rd6 Bxd6 33. cxd6 Ke8 34. Qh8+ Kd7 35.
Nf6+ Rxf6 36. Qxf6 Re8 37. Qxg5 Kc8 38. Qg7 Bd7 39. Qd4 Kb7 40. Kb1 Rc8 41. Qe5
a4 42. Rd4 Ka8 43. Rxa4 Qb6 44. Nd5 Qc6 45. Rc4 Qb7 46. Nc7+ Kb8 47. Rb4 Bb5
48. Nxb5 Qxb5 49. Rxb5+ 1-0

[Event "Mechanics' Peter Grey TNM; 30/90, SD/30"]
[Site "San Francisco"]
[Date "2010.09.14"]
[Round "7.5"]
[White "Rumph, Todd"]
[Black "Shakhnazarov, Oleg"]
[Result "1-0"]
[WhiteElo "2013"]
[BlackElo "2175"]
[PlyCount "96"]
[EventDate "2010.??.??"]

1. c4 Nf6 2. g3 g6 3. Nc3 d6 4. Bg2 Bg7 5. e4 e5 6. Nge2 c6 7. d3 Nbd7 8. O-O
O-O 9. h3 Nc5 10. f4 Nh5 11. g4 Nxf4 12. Nxf4 exf4 13. Bxf4 Ne6 14. Be3 Nd4 15.
Qd2 Be6 16. Ne2 Qb6 17. Kh1 a5 18. Rab1 a4 19. Qe1 Be5 20. Qf2 c5 21. Nf4 Qa6
22. h4 b5 23. Nd5 Bxd5 24. cxd5 b4 25. Bh6 Qxd3 26. Bxf8 Rxf8 27. Rfd1 Qa6 28.
Bf1 Qc8 29. Be2 h5 30. Rg1 Kg7 31. Rbf1 Qd7 32. Bd1 b3 33. axb3 axb3 34. Qe3
Qe7 35. g5 c4 36. Rg2 f5 37. gxf6+ Rxf6 38. Rfg1 Nc2 39. Qg5 Bf4 40. Qxh5 Qxe4
41. Bf3 Qd3 42. Qg4 Kh6 43. Qc8 Kg7 44. Qd7+ Rf7 45. Rxg6+ Qxg6 46. Rxg6+ Kxg6
47. Bh5+ Kxh5 48. Qxf7+ Kh6 {remainder illegible} 1-0

[Event "Mechanics' Peter Grey TNM; 30/90, SD/30"]
[Site "San Francisco"]
[Date "2010.08.24"]
[Round "4.6"]
[White "Rumph, Todd"]
[Black "Wong, Russell"]
[Result "1-0"]
[WhiteElo "2013"]
[BlackElo "2200"]
[PlyCount "41"]
[EventDate "2010.??.??"]

1. c4 g6 2. g3 Bg7 3. Bg2 c6 4. Nc3 d6 5. e4 e5 6. Nge2 f5 7. d4 Qe7 8. O-O Nf6
9. exf5 gxf5 10. c5 d5 11. dxe5 Ne4 12. Be3 Nxc5 13. Bxd5 Ne4 14. Nf4 Nxc3 15.
Qh5+ Kd7 16. bxc3 Bxe5 17. Qxf5+ Kd6 18. Qe4 Na6 19. Rfd1 Bf6 20. Bxc6+ Kc7 21.
Nd5+ 1-0

[Event "Mechanics' Peter Grey TNM; 30/90, SD/30"]
[Site "San Francisco"]
[Date "2010.09.28"]
[Round "9.1"]
[White "Rumph, Todd"]
[Black "Zavadsky, Peter"]
[Result "1-0"]
[WhiteElo "2013"]
[BlackElo "2251"]
[PlyCount "101"]
[EventDate "2010.??.??"]

1. c4 e5 2. g3 Nf6 3. Bg2 Nc6 4. Nc3 Bc5 5. Nf3 O-O 6. O-O d6 7. d3 Bg4 8. h3
Bf5 9. a3 a5 10. b3 e4 11. Nh4 Be6 12. dxe4 Nd7 13. e3 Ne7 14. Bb2 c6 15. Na4
Qc7 16. Nxc5 Nxc5 17. Qc2 Qb6 18. Nf5 Bxf5 19. exf5 f6 20. Rab1 Qxb3 21. Qxb3
Nxb3 22. Bxf6 gxf6 23. Rxb3 Rab8 24. Rfb1 b5 25. cxb5 c5 26. Rd3 Rb6 27. g4 a4
28. Rbd1 Rd8 29. Bc6 Nxc6 30. Rxd6 Rc8 31. bxc6 Rbxc6 32. Rxc6 Rxc6 33. Kf1 Kg7
34. Ke2 h5 35. f4 Rb6 36. g5 Rb3 37. Rd3 Rb2+ 38. Kf3 Rb3 39. Rd7+ Kg8 40. Rc7
Rxa3 41. Rxc5 Ra1 42. Ra5 a3 43. Kg3 a2 44. Kh4 Re1 45. Rxa2 Rxe3 46. Kxh5 fxg5
47. fxg5 Kf7 48. Ra7+ Kf8 49. Kg6 Rxh3 50. Ra8+ Ke7 51. f6+ 1-0

[Event "Mechanics' Peter Grey TNM; 30/90, SD/30"]
[Site "San Francisco"]
[Date "2010.09.21"]
[Round "8.16"]
[White "Salvo, Tab"]
[Black "Allen, Tom"]
[Result "1-0"]
[WhiteElo "1738"]
[BlackElo "1542"]
[PlyCount "81"]
[EventDate "2010.??.??"]

1. Nf3 d5 2. c4 d4 3. d3 c5 4. g3 Nc6 5. Bg2 e5 6. O-O Nf6 7. Re1 Be7 8. e3 O-O
9. e4 Bg4 10. h3 Be6 11. Kh2 Kh8 12. Na3 Ng8 13. Nc2 Qc7 14. Qe2 Nf6 15. Bd2
Nd7 16. Bg5 f6 17. Bd2 Rf7 18. Rf1 Nf8 19. Nh4 g5 20. Nf5 Ng6 21. a3 a5 22. Qh5
Rff8 23. b3 Bf7 24. Qh6 Rg8 25. Qh5 Be8 26. Qd1 Bd6 27. Rb1 Bd7 28. b4 axb4 29.
axb4 cxb4 30. Nxb4 Bxb4 31. Bxb4 Nxb4 32. Rxb4 Bxf5 33. exf5 Ne7 34. Rxb7 Qd6
35. Be4 Rgb8 36. Qb1 Rxb7 37. Qxb7 Rb8 38. Qa7 Nc8 39. Qf7 Ne7 40. c5 Qd8 41.
Qxf6+ 1-0

[Event "Mechanics' Peter Grey TNM; 30/90, SD/30"]
[Site "San Francisco"]
[Date "2010.08.10"]
[Round "2.22"]
[White "Salvo, Tab"]
[Black "Hilliard, Michael"]
[Result "1-0"]
[WhiteElo "1738"]
[BlackElo "1417"]
[PlyCount "87"]
[EventDate "2010.??.??"]

1. Nf3 d5 2. c4 e6 3. g3 Nf6 4. Bg2 c5 5. b3 Nc6 6. O-O Be7 7. Bb2 O-O 8. e3 d4
9. exd4 cxd4 10. d3 e5 11. Nbd2 Bf5 12. Ne1 Qd7 13. Ndf3 Rfe8 14. a3 a5 15. Bc1
Bc5 16. Bd2 e4 17. Nh4 Bh3 18. Bg5 Bxg2 19. Kxg2 Qe6 20. Bxf6 Qxf6 21. dxe4
Rxe4 22. Nd3 b6 23. Qh5 g5 24. Nf3 h6 25. Nd2 Re6 26. f4 Qg6 27. Qxg6+ Rxg6 28.
Ne4 Be7 29. fxg5 hxg5 30. Rf5 Re8 31. Raf1 Bxa3 32. Nf6+ Kf8 33. Nxe8 Kxe8 34.
Rxf7 Re6 35. Rb7 Bc5 36. Rf5 g4 37. Nxc5 bxc5 38. Rh5 Re7 39. Rh8+ Kf7 40. Rh7+
Kf6 41. Rhxe7 Nxe7 42. Rc7 Ke6 43. Rxc5 d3 44. Kf2 1-0

[Event "Mechanics' Peter Grey TNM; 30/90, SD/30"]
[Site "San Francisco"]
[Date "2010.08.24"]
[Round "4.21"]
[White "Salvo, Tab"]
[Black "Montoya, Daniel"]
[Result "1-0"]
[WhiteElo "1738"]
[BlackElo "1483"]
[PlyCount "61"]
[EventDate "2010.??.??"]

1. Nf3 f5 2. c4 Nf6 3. d3 e6 4. g3 Be7 5. Bg2 d6 6. O-O O-O 7. Nc3 e5 8. e3 Qe8
9. h3 Nc6 10. a3 a5 11. Nb5 Bd8 12. d4 e4 13. Nh2 g5 14. Bd2 Qg6 15. Nc3 h5 16.
f3 exf3 17. Nxf3 Ne4 18. Nxe4 fxe4 19. Nh2 Bf6 20. Rf2 Bd7 21. Qc2 Rae8 22.
Raf1 Nxd4 23. Rxf6 Ne2+ (23... Qxf6 $1) 24. Kf2 Qxf6+ 25. Kxe2 Qe5 26. Rxf8+
Rxf8 $2 (26... Kxf8 27. Nf1 $14) 27. Be1 $6 (27. Qxe4 $1) 27... Bf5 28. Qc3 Qe6
29. Qd4 Bxh3 $2 (29... c5) 30. Bxe4 b6 31. Bd5 1-0

[Event "Mechanics' Peter Grey TNM; 30/90, SD/30"]
[Site "San Francisco"]
[Date "2010.09.07"]
[Round "6.20"]
[White "Salvo, Tab"]
[Black "Olson, David"]
[Result "0-1"]
[WhiteElo "1738"]
[BlackElo "1420"]
[PlyCount "50"]
[EventDate "2010.??.??"]

1. Nf3 d5 2. c4 d4 3. g3 Nf6 4. d3 Nc6 5. Bg2 e5 6. Nbd2 Bd6 7. a3 a5 8. b3 O-O
9. O-O Ne7 10. h3 Nh5 11. Ne4 f5 12. Nxd6 Qxd6 13. e3 c5 14. Nxe5 Nxg3 15. fxg3
Qxe5 16. Qe1 Ra6 17. Bd2 Rg6 18. Kh2 h5 19. e4 h4 20. Bf4 hxg3+ 21. Bxg3 f4 22.
Rxf4 Rxf4 23. Ra2 Rxg3 24. Qxg3 Qf6 25. Re2 Qh4 0-1

[Event "Mechanics' Peter Grey TNM; 30/90, SD/30"]
[Site "San Francisco"]
[Date "2010.09.07"]
[Round "6.11"]
[White "Sanguinetti, George"]
[Black "Cendejas, Juan"]
[Result "0-1"]
[WhiteElo "1940"]
[BlackElo "1763"]
[PlyCount "102"]
[EventDate "2010.??.??"]

1. g3 e5 2. d3 d5 3. Bg2 f5 4. Nh3 Nf6 5. O-O Bd6 6. b3 Be6 7. c4 c6 8. Ba3
Bxa3 9. Nxa3 Qd6 10. Nc2 h6 11. f4 Nbd7 12. fxe5 Nxe5 13. Nf4 Bf7 14. d4 Ng6
15. Qd3 Ne4 16. Ne3 Nxf4 17. Rxf4 g6 18. Bxe4 dxe4 19. Qc3 O-O-O 20. Nc2 Qf6
21. e3 g5 22. Rf2 h5 23. Qa5 Be6 24. Qxa7 h4 25. g4 f4 26. h3 f3 27. a4 Qe7 28.
a5 Qc7 29. a6 Qg3+ 30. Kh1 Kd7 31. Qxb7+ Ke8 32. Qxc6+ Kf7 33. Rh2 Bxg4 34.
hxg4 Qxg4 35. Rg1 Qf5 36. Qc7+ Kg6 37. Qe5 g4 38. Qxf5+ Kxf5 39. d5 g3 40. Nd4+
Kg4 41. Ne6 h3 42. Ra2 h2 43. Rf1 Kh3 44. Nf4+ Kg4 45. b4 Rdf8 46. a7 Rxf4 47.
exf4 Kh3 48. Rff2 gxf2 49. Rxf2 Kg3 50. Rf1 e3 51. a8=Q Rxa8 0-1

[Event "Mechanics' Peter Grey TNM; 30/90, SD/30"]
[Site "San Francisco"]
[Date "2010.08.24"]
[Round "4.16"]
[White "Sanguinetti, George"]
[Black "Morgan, Jerry"]
[Result "1-0"]
[WhiteElo "1940"]
[BlackElo "1475"]
[PlyCount "71"]
[EventDate "2010.??.??"]

1. g3 d5 2. f4 g6 3. Nh3 Bg7 4. Nf2 Nf6 5. d3 Ng4 6. Nxg4 Bxg4 7. h3 Bd7 8. Bg2
Bc6 9. O-O Qd6 10. Nd2 Qc5+ 11. Kh1 f5 12. Nf3 d4 13. Bd2 Nd7 14. c4 e5 15. b4
Qe7 16. b5 Bxf3 17. Bxf3 e4 18. Bg2 Nf6 19. Qa4 Nd7 20. Bb4 Nc5 21. Qa3 b6 22.
Rad1 O-O 23. Rfe1 a5 24. bxa6 Rxa6 25. Qxa6 Nxa6 26. Bxe7 Re8 27. Ba3 c5 28. e3
Nc7 29. dxe4 fxe4 30. exd4 Bxd4 31. Bxe4 Bf2 32. Bd5+ Kf8 33. Rxe8+ Kxe8 34.
Kg2 Bd4 35. Bc6+ Ke7 36. Rxd4 1-0

[Event "Mechanics' Peter Grey TNM; 30/90, SD/30"]
[Site "San Francisco"]
[Date "2010.08.10"]
[Round "2.4"]
[White "Sanguinetti, George"]
[Black "Wong, Russell"]
[Result "0-1"]
[WhiteElo "1940"]
[BlackElo "2200"]
[PlyCount "93"]
[EventDate "2010.??.??"]

1. g3 c5 2. f4 g6 3. Nh3 Bg7 4. c3 Nc6 5. Nf2 d5 6. Bg2 Nf6 7. d3 d4 8. O-O h5
9. e4 h4 10. g4 h3 11. Bf3 e5 12. f5 gxf5 13. exf5 Qc7 14. Na3 a6 15. Bg5 Bd7
16. Nc4 O-O-O 17. a4 Rdg8 18. Bxf6 Bxf6 19. Kh1 Na5 20. Nxa5 Qxa5 21. b4 Qc7
22. Ne4 Be7 23. cxd4 exd4 24. bxc5 Bc6 25. Rb1 Rd8 26. Qb3 Kb8 27. Qc4 Ka7 28.
Rb6 Rd5 29. Rfb1 Rxc5 30. Qb3 Bxe4 31. Rxb7+ Ka8 32. dxe4 Rc1+ 33. Bd1 Qc6 34.
Rxe7 Rxb1 35. Qxb1 Rb8 36. Qc2 Qxc2 37. Bxc2 Rc8 38. Bd1 Rc1 39. Kg1 Rxd1+ 40.
Kf2 Rd2+ 41. Kg3 Rd3+ 42. Kh4 f6 43. Re6 Re3 44. Rxa6+ Kb7 45. Rxf6 Rxe4 46.
Kxh3 Kc7 47. Re6 0-1

[Event "Mechanics' Peter Grey TNM; 30/90, SD/30"]
[Site "San Francisco"]
[Date "2010.08.03"]
[Round "1.6"]
[White "Shakhnazarov, Oleg"]
[Black "Chalissery, Jossy"]
[Result "1-0"]
[WhiteElo "2175"]
[BlackElo "1689"]
[PlyCount "53"]
[EventDate "2010.??.??"]

1. e4 b6 2. d4 Bb7 3. Nc3 e6 4. a3 d5 5. e5 c5 6. Nf3 Nd7 7. Nb5 cxd4 8. Nbxd4
a6 9. Bd3 Bc5 10. c3 h5 11. O-O Nh6 12. Re1 Qc7 13. Ng5 O-O-O 14. Qe2 Nb8 15.
Bd2 Rde8 16. Rac1 Qd7 17. b4 Be7 18. c4 Kd8 19. c5 b5 20. a4 Nc6 21. Ngf3 Nxd4
22. Nxd4 Nf5 23. Nxf5 exf5 24. axb5 axb5 25. Bxb5 Bc6 26. Bxc6 Qxc6 27. b5 1-0